Normal view
MARC view
Entry Topical Term
001 - CONTROL NUMBER
- control field: 49914
003 - CONTROL NUMBER IDENTIFIER
- control field: ARRUPE
005 - DATE AND TIME OF LATEST TRANSACTION
- control field: 20201020114023.0
008 - FIXED-LENGTH DATA ELEMENTS
- fixed length control field: 201020|| aca||aabn | a|a d
040 ## - CATALOGING SOURCE
- Original cataloging agency: ARRUPE
- Transcribing agency: ARRUPE
150 ## - HEADING--TOPICAL TERM
- Topical term or geographic name as entry element:
- Topical term following geographic name as entry element: Lord's supper
- General subdivision: Catholic Church
670 ## - SOURCE DATA FOUND
- Source citation: Work cat.: (ARRUPE)66892: Radcliffe, Timothy 2865, Why go to church?